000 01099naa a22002777a 4500
001 BR8903831
003 BR-BrBNA
005 20240918180515.0
007 ta
008 230509b bl.||||| |||| 00| 0 por d
040 _aBR-BrBNA
_bpor
_cBiblioteca Nacional de Agricultura
041 _a(Pt)
072 _aE70
_b/G514
090 _aE70 BR8903831
100 1 _aPiana, D.
111 1 _a1. Seminario de Avaliacao de Politica Agricola
_cCuritiba, PR (Brazil)
_d16-20 May 1988
245 1 _aA politica do governo de precos minimos no Parana
260 3 _aCuritiba, PR (Brasil):
_c1988.
500 _aLocatelli, A. (ed.) Anais do 1. Seminario de Avaliacao de Politica Agricola Curitiba, PR (Brasil): 1988. p. 192-198 (BR8903831-AM)E70
650 _aPOLITICA DE PRECO
650 _aPRECO MINIMO
650 _aPARANA
773 0 _tAnais do 1. Seminario de Avaliacao de Politica Agricola
_aLocatelli, A. (ed.). Delegacia Federal de Agricultura no Parana, Curitiba (Brasil)
_wE70 BR8903831
_gCuritiba, PR (Brasil), 1988. p. 192-198
909 _a202404
_bLucia
_c55
_dLucia Elande
942 _cAM
_2AGRIS
999 _c320758
_d320758